000 00733nam a22002177a 4500
003 OSt
005 20260216101404.0
008 160222b xxu||||| |||| 00| 0 eng d
020 _a05-729-2006-1
024 _205-729-2006-1
040 _cUniversity of Management Sciences
082 _a174.4 LUM 2006
100 _aMuhammad Nadeem Dogar
_9133203
245 _aAPPNA-SEHAT: CHANGE MANAGEMENT (A)
_cMuhammad Nadeem Dogar
260 _aLahore
_bUniversity of Management Sciences
_c2006
300 _a10 p.
_bPapers
440 _aAPPNA-SEHAT: CHANGE MANAGEMENT (A)
_9133204
590 _6http://10.250.8.41:8080/xmlui/handle/123456789/56764
856 _uhttp://10.250.8.41:8080/xmlui/handle/123456789/56764
942 _2ddc
_cCS
999 _c351182
_d351182